<?xml version="1.0" encoding="UTF-8"?>
<record
    xmlns:xsi="http://www.w3.org/2001/XMLSchema-instance"
    xsi:schemaLocation="http://www.loc.gov/MARC21/slim http://www.loc.gov/standards/marcxml/schema/MARC21slim.xsd"
    xmlns="http://www.loc.gov/MARC21/slim">

  <leader>00385nam a2200157Ia 4500</leader>
  <controlfield tag="008">231221s9999    xx            000 0 und d</controlfield>
  <datafield tag="020" ind1=" " ind2=" ">
    <subfield code="a">9790000000000</subfield>
  </datafield>
  <datafield tag="041" ind1=" " ind2=" ">
    <subfield code="a">English</subfield>
  </datafield>
  <datafield tag="082" ind1=" " ind2=" ">
    <subfield code="a">658.15  MAT;1</subfield>
  </datafield>
  <datafield tag="100" ind1=" " ind2=" ">
    <subfield code="a">Mathur, Y B.</subfield>
  </datafield>
  <datafield tag="245" ind1=" " ind2="0">
    <subfield code="a">Culinary economics</subfield>
  </datafield>
  <datafield tag="260" ind1=" " ind2=" ">
    <subfield code="c">2017</subfield>
    <subfield code="b">I K  Intelnational</subfield>
    <subfield code="a">New Delhi</subfield>
  </datafield>
  <datafield tag="300" ind1=" " ind2=" ">
    <subfield code="a">xxxv, 248</subfield>
  </datafield>
  <datafield tag="300" ind1=" " ind2=" ">
    <subfield code="c">PU9560,CD7170</subfield>
  </datafield>
  <datafield tag="942" ind1=" " ind2=" ">
    <subfield code="c">CD</subfield>
  </datafield>
  <datafield tag="999" ind1=" " ind2=" ">
    <subfield code="c">235320</subfield>
    <subfield code="d">235320</subfield>
  </datafield>
  <datafield tag="952" ind1=" " ind2=" ">
    <subfield code="r">2024-01-26 00:00:00</subfield>
    <subfield code="l">0</subfield>
    <subfield code="o">658.15  MAT;1</subfield>
    <subfield code="p">CD7170</subfield>
    <subfield code="w">2024-01-26</subfield>
    <subfield code="y">CD</subfield>
    <subfield code="1">0</subfield>
    <subfield code="4">0</subfield>
    <subfield code="7">0</subfield>
    <subfield code="8">HEM</subfield>
    <subfield code="0">0</subfield>
    <subfield code="a">ML</subfield>
    <subfield code="b">ML</subfield>
    <subfield code="c">BHM</subfield>
    <subfield code="d">0000-00-00</subfield>
    <subfield code="e">Book Paradise</subfield>
    <subfield code="E">BHM</subfield>
    <subfield code="G">AUS DOLLAR</subfield>
    <subfield code="F">0</subfield>
    <subfield code="V">298.5</subfield>
  </datafield>
  <datafield tag="952" ind1=" " ind2=" ">
    <subfield code="r">2024-01-26 00:00:00</subfield>
    <subfield code="l">0</subfield>
    <subfield code="o">658.15  MAT;2</subfield>
    <subfield code="p">CD7171</subfield>
    <subfield code="w">2024-01-26</subfield>
    <subfield code="y">CD</subfield>
    <subfield code="1">0</subfield>
    <subfield code="4">0</subfield>
    <subfield code="7">0</subfield>
    <subfield code="8">HEM</subfield>
    <subfield code="0">0</subfield>
    <subfield code="a">ML</subfield>
    <subfield code="b">ML</subfield>
    <subfield code="c">BHM</subfield>
    <subfield code="d">0000-00-00</subfield>
    <subfield code="e">Book Paradise</subfield>
    <subfield code="E">BHM</subfield>
    <subfield code="G">AUS DOLLAR</subfield>
    <subfield code="F">0</subfield>
    <subfield code="V">298.5</subfield>
  </datafield>
  <datafield tag="952" ind1=" " ind2=" ">
    <subfield code="r">2024-01-26 00:00:00</subfield>
    <subfield code="l">0</subfield>
    <subfield code="o">658.15  MAT;3</subfield>
    <subfield code="p">CD7172</subfield>
    <subfield code="w">2024-01-26</subfield>
    <subfield code="y">CD</subfield>
    <subfield code="1">0</subfield>
    <subfield code="4">0</subfield>
    <subfield code="7">0</subfield>
    <subfield code="8">HEM</subfield>
    <subfield code="0">0</subfield>
    <subfield code="a">ML</subfield>
    <subfield code="b">ML</subfield>
    <subfield code="c">BHM</subfield>
    <subfield code="d">0000-00-00</subfield>
    <subfield code="e">Book Paradise</subfield>
    <subfield code="E">BHM</subfield>
    <subfield code="G">AUS DOLLAR</subfield>
    <subfield code="F">0</subfield>
    <subfield code="V">298.5</subfield>
  </datafield>
</record>
